[Event "Sant Adria de Besos op 08th"]
[Site "Sant Adria de Besos"]
[Date "2012.05.06"]
[Round "4"]
[White "Lu Lee, Nicolas"]
[Black "Ruiz Manchon, Francesco Xavier"]
[Result "0-1"]
[WhiteElo "1983"]
[BlackElo "2135"]
[PlyCount "82"]
[EventDate "2012.04.15"]
[EventType "swiss"]
[EventRounds "9"]
[EventCountry "ESP"]
[SourceTitle "CBM 148 Extra"]
[Source "ChessBase"]
[SourceDate "2012.06.22"]
[SourceVersion "1"]
[SourceVersionDate "2012.06.22"]
[SourceQuality "1"]

1. d4 Nf6 2. c4 c5 3. d5 e6 4. Nc3 exd5 5. cxd5 d6 6. e4 g6 7. Bd3 Bg7 8. h3 0-0 9. Nf3 b5 10. Bxb5 Nxe4 11. Nxe4 Qa5+ 12. Nfd2 Qxb5 13. Nxd6 Qa6 14. N2c4 Rd8 15. Bf4 Bf8 16. 0-0 Rxd6 17. Nxd6 Bxd6 18. Bh6 Nd7 19. Re1 Bb7 20. Qf3 Qc4 21. Rad1 Qh4 22. Qe3 Qf6 23. g3 Be5 24. b4 cxb4 25. f4 Bd6 26. Kh2 Qc3 27. Qe2 a5 28. Rc1 Qd4 29. Rcd1 Qc5 30. Rc1 Qb6 31. Qb2 Bf8 32. Re7 Bxh6 33. Rxd7 Bg7 34. Qe2 Bc3 35. Rc2 Ba6 36. Qe7 Rf8 37. Rd6 Qb5 38. Rd8 Rxd8 39. Qxd8+ Kg7 40. d6 Qd3 41. Rg2 Bb7 0-1

[Event "El Sauzal op 4th"]
[Site "El Sauzal"]
[Date "2003.11.02"]
[Round "7.15"]
[White "Lu Lee, Nicolas"]
[Black "Brito Garcia, Alfredo"]
[Result "0-1"]
[WhiteElo "1940"]
[BlackElo "2367"]
[PlyCount "56"]
[EventDate "2003.11.??"]
[EventType "swiss (rapid)"]
[EventRounds "9"]
[EventCountry "ESP"]
[SourceTitle "CBM 097 Extra"]
[Source "ChessBase"]
[SourceDate "2004.01.13"]
[SourceVersion "1"]
[SourceVersionDate "2004.01.13"]
[SourceQuality "1"]

1. e4 g6 2. d4 Bg7 3. Nc3 d6 4. Be3 a6 5. Qd2 b5 6. Bd3 Bb7 7. f3 Nd7 8. a4 b4 9. Nd1 a5 10. c3 bxc3 11. bxc3 Ngf6 12. Ne2 0-0 13. 0-0 Ba6 14. Nf2 Nb6 15. Bh6 Nc4 16. Bxc4 Bxc4 17. Bxg7 Kxg7 18. f4 Qd7 19. e5 Nd5 20. Nd3 f5 21. exf6+ exf6 22. f5 Rae8 23. Rf3 g5 24. Raf1 Re7 25. h4 Qe8 26. hxg5 Rxe2 27. gxf6+ Kh8 28. Qg5 Rg8 0-1

[Event "El Sauzal op 4th"]
[Site "El Sauzal"]
[Date "2003.11.01"]
[Round "2.5"]
[White "Lu Lee, Nicolas"]
[Black "Cabrera Pino, Alexis"]
[Result "0-1"]
[WhiteElo "1940"]
[BlackElo "2491"]
[PlyCount "76"]
[EventDate "2003.11.??"]
[EventType "swiss (rapid)"]
[EventRounds "9"]
[EventCountry "ESP"]
[SourceTitle "CBM 097 Extra"]
[Source "ChessBase"]
[SourceDate "2004.01.13"]
[SourceVersion "1"]
[SourceVersionDate "2004.01.13"]
[SourceQuality "1"]

1. e4 c5 2. Nf3 d6 3. d4 cxd4 4. Nxd4 Nf6 5. Nc3 g6 6. Be3 Bg7 7. Be2 Nc6 8. 0-0 0-0 9. Qd2 Ng4 10. Bxg4 Bxg4 11. Nxc6 bxc6 12. Bh6 Bxh6 13. Qxh6 f6 14. Qf4 Be6 15. b3 Qa5 16. Ne2 Qc5 17. Rfd1 a5 18. Qd2 Bg4 19. h3 Bxe2 20. Qxe2 a4 21. Qd3 Rfb8 22. Rab1 Rb5 23. Kf1 axb3 24. axb3 Ra2 25. Rd2 Qb4 26. Rbd1 Rc5 27. Ke2 Rc3 28. Qd4 Qxd4 29. Rxd4 Raxc2+ 30. R1d2 Rxd2+ 31. Rxd2 Rxb3 32. Rc2 c5 33. Ra2 Kf7 34. Ra8 g5 35. Rh8 Kg7 36. Re8 Rb7 37. Kd3 h5 38. f3 h4 0-1

[Event "Las Palmas op 24th"]
[Site "Las Palmas"]
[Date "2003.08.26"]
[Round "2.7"]
[White "Lu Lee, Nicolas"]
[Black "Ortega Hermida, Daniel"]
[Result "0-1"]
[WhiteElo "1940"]
[BlackElo "2365"]
[PlyCount "80"]
[EventDate "2003.08.25"]
[EventType "swiss"]
[EventRounds "9"]
[EventCountry "ESP"]
[SourceTitle "EXT 2004"]
[Source "ChessBase"]
[SourceDate "2003.11.25"]
[SourceVersion "1"]
[SourceVersionDate "2003.11.25"]
[SourceQuality "1"]

1. e4 c5 2. Nf3 e6 3. d4 cxd4 4. Nxd4 Nc6 5. Nc3 a6 6. Nxc6 bxc6 7. Bd3 e5 8. 0-0 Nf6 9. Qe2 Be7 10. b3 0-0 11. Bb2 d6 12. Rad1 Qc7 13. Bc4 Bg4 14. f3 Bc8 15. Kh1 Nh5 16. Bc1 Kh8 17. g4 Nf4 18. Bxf4 exf4 19. Qd2 Bf6 20. Ne2 Be5 21. Nd4 Bb7 22. Nf5 Rad8 23. Qe2 Qa5 24. a4 Qb6 25. Rd2 g6 26. Nh6 Kg7 27. g5 f6 28. h4 d5 29. Bd3 dxe4 30. Bxe4 Rxd2 31. Qxd2 Qd4 32. Qg2 f5 33. Bd3 c5 34. h5 Qd8 35. Re1 Bc3 36. Re6 Re8 37. Rxe8 Qxe8 38. Kh2 Qe1 39. hxg6 hxg6 40. Kh3 Qd1 0-1